000 01196nam0a2200313 4500
001 RU\NLR\BIBL_A\022366052
005 20241028135107.0
010 _a978-5-297-02326-0
_9300
021 _aRU
_bКН-П-24-031032
_9КН-П-24-3138
035 _a(NLR Aleph) 022366052
090 _a13262616
_c13262616
100 _a20241028d2023 m y0rusy50 ca
101 1 _aava
_crus
102 _aRU
105 _ac z 000ay
181 0 _ai
_baxxe
182 0 _an
200 1 _aХIажи Мурад
_fЛ.Н.Толстой
_gавар мацӀалде буссинабуна ТӀ. Кудаевас
203 _aТекст
_bвизуальный
_cнепосредственный
210 _aМахачкала
_cДаг. кн. изд-во
_d2023
215 _a215 с.,[1] л. портр.
_d21
541 1 _aХаджи-Мурат
_zrus
686 1 _aШ6(2=Ав)-91Р5-4
700 1 _aТолстой
_bЛ. Н.
_f1828-1910
_gЛев Николаевич
_3RU\NLR\auth\771515
_4070
702 1 _aКудаев
_bТ.М.
_f1923-2003
_gТагир Магомедович
_4730
852 _aNLR
_bОНЛ
_jАвар./3-1028
942 _cBOOK
980 _aNB